[Event "25th ECC"]
[Site "Ohrid MKD"]
[Date "2009.10.04"]
[Round "1"]
[White "Vitiugov,N"]
[Black "Rasmussen,A"]
[Result "1-0"]
[WhiteElo "2681"]
[BlackElo "2535"]
[EventDate "2009.10.04"]

1. c4 e5 2. g3 d6 3. Bg2 f5 4. d4 Be7 5. Nc3 c6 6. e3 Nf6 7. Nge2 O-O 8.
O-O Qe8 9. b4 Nbd7 10. a4 e4 11. a5 Qf7 12. c5 a6 13. f3 exf3 14. Rxf3 d5
15. Rxf5 Nxc5 16. Rxf6 Qxf6 17. bxc5 Qf2+ 18. Kh1 Bg4 19. Bd2 Bg5 20. h3
Bf3 21. Qf1 Bxe3 22. Qxf2 Bxf2 23. Bxf3 Rxf3 24. Kg2 Rd3 25. Kxf2 Rxd2 26.
Rb1 Rd3 27. Rxb7 Rf8+ 28. Kg2 g5 29. Rb6 Rdf3 30. Rxc6 Rf2+ 31. Kh1 Rf1+
32. Ng1 R8f3 33. Nce2 R3f2 34. Re6 Re1 35. c6 Rf7 36. Kg2 Ra1 37. Nf3 1-0

[Event "25th ECC"]
[Site "Ohrid MKD"]
[Date "2009.10.04"]
[Round "1"]
[White "Zhigalko,A"]
[Black "Moen,A"]
[Result "1-0"]
[WhiteElo "2601"]
[BlackElo "2317"]
[EventDate "2009.10.04"]

1. d4 Nf6 2. c4 e6 3. Nc3 Bb4 4. e3 O-O 5. Nge2 Re8 6. a3 Bf8 7. e4 e5 8.
dxe5 Ng4 9. Ng3 Nxe5 10. Be2 d6 11. O-O c6 12. Be3 Na6 13. Qd2 Qc7 14. Rad1
Be6 15. b3 Rad8 16. f4 Ng4 17. Bd4 c5 18. Nb5 Qe7 19. f5 cxd4 20. Bxg4 Bd7
21. f6 Qe5 22. Bxd7 Rxd7 23. Rf5 1-0

[Event "25th ECC"]
[Site "Ohrid MKD"]
[Date "2009.10.04"]
[Round "1"]
[White "Rapport,R"]
[Black "Dobias,R"]
[Result "1-0"]
[WhiteElo "2440"]
[BlackElo "2270"]
[EventDate "2009.10.04"]

1. Nf3 d5 2. d4 e6 3. c4 Nf6 4. Nc3 Be7 5. Bf4 O-O 6. e3 Nbd7 7. c5 c6 8.
h3 b6 9. b4 a5 10. a3 Ba6 11. Bxa6 Rxa6 12. O-O Qc8 13. Qc2 Qb7 14. Rab1
axb4 15. axb4 b5 16. Nd2 Bd8 17. Ra1 Rxa1 18. Rxa1 Bc7 19. Bxc7 Qxc7 20.
Qa2 e5 21. Qa7 Qxa7 22. Rxa7 exd4 23. exd4 Rc8 24. Nb3 Kf8 25. Na5 Ke7 26.
g4 h6 27. f3 g6 28. Kf2 h5 29. Ke3 hxg4 30. hxg4 Ne8 31. Kd3 Nef6 32. Kc2
Ne8 33. Ne2 Ng7 34. Nf4 Ne6 35. Nxe6 Kxe6 36. Ra6 Nb8 37. Ra8 Kd7 38. g5
Rf8 39. Kd3 Rc8 40. Ke3 Rf8 41. f4 Rc8 42. Kf3 Rf8 43. Kg4 Rc8 44. f5 Re8
45. Ra7+ Kc8 46. Rxf7 Re4+ 47. Kf3 gxf5 48. g6 Re8 49. g7 Nd7 50. Nxc6 Kc7
51. Ne5 1-0

[Event "25th ECC"]
[Site "Ohrid MKD"]
[Date "2009.10.04"]
[Round "1"]
[White "Summers,C"]
[Black "Klein,Fe"]
[Result "0-1"]
[WhiteElo "1955"]
[BlackElo "2299"]
[EventDate "2009.10.04"]

1. d4 d5 2. e4 dxe4 3. Nc3 Nf6 4. f3 exf3 5. Nxf3 Bg4 6. h3 Bxf3 7. Qxf3 c6
8. g4 e6 9. g5 Nd5 10. Bd3 Be7 11. O-O O-O 12. Qh5 g6 13. Qh6 Qb6 14. Nxd5
cxd5 15. Rf4 f5 16. gxf6 Rxf6 17. Rg4 e5 18. Be3 e4 19. Be2 Nd7 20. Rh4 Rf7
21. Rxe4 dxe4 22. Bc4 Raf8 23. Rf1 Nf6 24. Qf4 Qc6 0-1

[Event "25th ECC"]
[Site "Ohrid MKD"]
[Date "2009.10.05"]
[Round "2"]
[White "Novikov,Vit"]
[Black "Zubarev,Al1"]
[Result "1/2-1/2"]
[WhiteElo "2328"]
[BlackElo "2544"]
[EventDate "2009.10.04"]

1. e4 c5 2. Nf3 d6 3. Bb5+ Nd7 4. d4 Ngf6 5. Nc3 cxd4 6. Qxd4 e5 7. Qd3 h6
8. Be3 Be7 9. O-O O-O 10. a4 Qc7 11. Bc4 Nc5 12. Bxc5 Qxc5 13. Nd5 Nxd5 14.
Bxd5 Be6 15. Bxe6 fxe6 16. Qb3 Kf7 17. c4 Rac8 18. Rac1 Rc7 19. Rc3 Kg8 20.
Qb5 Rfc8 21. Qxc5 Rxc5 22. Rfc1 Kf7 23. Kf1 a5 24. Ke2 Bd8 25. Ne1 R5c6 26.
Nd3 Bb6 27. Rb3 R8c7 28. c5 Bxc5 29. Rxc5 Rxc5 30. Nxc5 Rxc5 31. Rxb7+ Kf6
32. Rb6 Rc4 33. f3 Rxa4 34. Rxd6 Rb4 35. Rd2 h5 36. Kd3 g5 37. h3 Rb3+ 38.
Kc4 a4 39. Rf2 Kg6 40. Kc5 Rd3 41. Kb4 Rd4+ 42. Kc3 g4 43. hxg4 hxg4 44.
Rd2 gxf3 45. gxf3 Rxd2 46. Kxd2 Kg5 47. Ke3 Kh4 48. f4 Kg4 49. fxe5 Kg3 50.
Kd3 Kf3 51. Kc4 Kxe4 52. Kb4 Kxe5 53. Kxa4 Kd4 54. b4 e5 55. b5 Kc5 56. Ka5
e4 57. b6 e3 58. b7 e2 59. b8=Q e1=Q+ 60. Ka6 Qe6+ 1/2-1/2

[Event "25th ECC"]
[Site "Ohrid MKD"]
[Date "2009.10.05"]
[Round "2"]
[White "Popovic,Ml"]
[Black "Komora,A"]
[Result "1/2-1/2"]
[WhiteElo "2196"]
[BlackElo "2328"]
[EventDate "2009.10.04"]

1. e4 e6 2. d4 d5 3. Nc3 Bb4 4. Nge2 dxe4 5. a3 Be7 6. Nxe4 Nf6 7. Qd3 O-O
8. Bf4 Nbd7 9. O-O-O Nxe4 10. Qxe4 Nf6 11. Qf3 Nd5 12. Be5 b5 13. Nc3 c6
14. Nxd5 Qxd5 15. Qxd5 exd5 16. Bd3 Bd7 17. Rde1 Rfe8 18. h3 Bg5+ 19. Kb1
f6 20. Bd6 Bd2 21. Rd1 Ba5 22. c3 a6 23. Rde1 g6 24. Kc2 Kf7 25. h4 Rxe1
26. Rxe1 Re8 27. Rxe8 Bxe8 28. Bf4 Bd7 29. b4 Bd8 30. Kd2 a5 31. Bd6 a4 32.
Bb8 Bg4 33. f3 Bd7 34. g4 h5 35. gxh5 gxh5 36. Bg3 Be7 37. Ke3 Kg7 38. Kf2
1/2-1/2

[Event "25th ECC"]
[Site "Ohrid MKD"]
[Date "2009.10.05"]
[Round "2"]
[White "Husted,P"]
[Black "Jensen,Bjark"]
[Result "1/2-1/2"]
[WhiteElo "2153"]
[BlackElo "2249"]
[EventDate "2009.10.04"]

1. e4 c5 2. Nf3 d6 3. Bb5+ Nc6 4. O-O Nf6 5. e5 Ng4 6. d4 cxd4 7. Qxd4
Ngxe5 8. Nxe5 dxe5 9. Qxe5 Bd7 10. Qe4 Qc8 11. Be3 Bf5 12. Bxc6+ bxc6 13.
Qa4 e6 14. Nd2 Be7 15. Nf3 O-O 16. Nd4 Bg6 17. Nxc6 Bf6 18. Bd4 Bxd4
1/2-1/2

[Event "25th ECC"]
[Site "Ohrid MKD"]
[Date "2009.10.06"]
[Round "3"]
[White "Efimenko,Z"]
[Black "Golod,V"]
[Result "1/2-1/2"]
[WhiteElo "2654"]
[BlackElo "2602"]
[EventDate "2009.10.04"]

1. e4 d6 2. d4 Nf6 3. Nc3 e5 4. dxe5 dxe5 5. Qxd8+ Kxd8 6. Bg5 Be6 7.
O-O-O+ Nbd7 8. f4 exf4 9. Nf3 Kc8 10. Bxf4 Bc5 11. h3 Nh5 12. Bh2 Be3+ 13.
Kb1 Bf4 14. Bxf4 Nxf4 15. Nd5 Ng6 16. Bc4 c6 17. Ne3 Kc7 18. Bxe6 fxe6 19.
Rhf1 Rae8 20. Ng4 Rhf8 21. Kc1 h6 1/2-1/2

[Event "25th ECC"]
[Site "Ohrid MKD"]
[Date "2009.10.06"]
[Round "3"]
[White "Ostojic,N1"]
[Black "Porat,Ma"]
[Result "1/2-1/2"]
[WhiteElo "2412"]
[BlackElo "2192"]
[EventDate "2009.10.04"]

1. d4 Nf6 2. c4 e6 3. Nc3 Bb4 4. e3 b6 5. Nge2 Ba6 6. a3 Bxc3+ 7. Nxc3 d5
8. b3 O-O 9. a4 Nc6 10. Be2 dxc4 11. Ba3 Re8 12. b4 Bb7 13. Bxc4 e5 14. d5
Ne7 15. Qb3 Nf5 16. e4 Nd6 17. Bd3 Nh5 18. g3 Bc8 19. Be2 Nf6 20. f3 Nh5
21. O-O-O Kh8 22. Bb2 f5 23. exf5 Nxf5 24. Ne4 Nf6 25. Ng5 Nd6 26. Ne6 Bxe6
27. dxe6 Qe7 28. Bxe5 Qxe6 29. Qxe6 Rxe6 30. f4 Nf7 31. Bf3 Rae8 32. Bb2
Nd6 33. Bc6 R8e7 34. b5 Ng4 35. f5 Re3 36. h3 Ne5 37. g4 Kg8 38. Kb1 Nxc6
39. bxc6 R3e4 40. Ba3 Rxa4 41. Bxd6 cxd6 42. Rxd6 Re2 43. c7 Rb4+ 44. Ka1
Ra4+ 45. Kb1 Rb4+ 46. Ka1 Ra4+ 47. Kb1 Rb4+ 1/2-1/2

[Event "25th ECC"]
[Site "Ohrid MKD"]
[Date "2009.10.06"]
[Round "3"]
[White "Getz,N"]
[Black "Ochsner,B"]
[Result "0-1"]
[WhiteElo "2263"]
[BlackElo "2124"]
[EventDate "2009.10.04"]

1. e4 c5 2. Nf3 d6 3. d4 cxd4 4. Nxd4 Nf6 5. Nc3 a6 6. Be3 e5 7. Nb3 Be6 8.
f4 exf4 9. Bxf4 Nc6 10. Qe2 Ne5 11. h3 b5 12. O-O-O Qb6 13. Nd5 Bxd5 14.
exd5 Nfd7 15. Nd4 Be7 16. Nc6 Bf6 17. g4 O-O 18. g5 Bd8 19. h4 Rc8 20. Bh3
Rc7 21. Bxd7 Rxd7 22. Bxe5 dxe5 23. Qxe5 Bc7 24. Qf5 Rd6 25. Kb1 Qc5 26. h5
Rxc6 27. Rhf1 Rb6 28. Rfe1 g6 29. Qf3 Qd6 0-1

[Event "25th ECC"]
[Site "Ohrid MKD"]
[Date "2009.10.07"]
[Round "4"]
[White "Zubarev,Al1"]
[Black "Havlicek,L2"]
[Result "1-0"]
[WhiteElo "2544"]
[BlackElo "2338"]
[EventDate "2009.10.04"]

1. c4 Nf6 2. Nf3 e6 3. g3 c5 4. Bg2 Qc7 5. Nc3 a6 6. O-O Be7 7. b3 O-O 8.
Bb2 b6 9. e4 d6 10. Qe2 Bb7 11. Rae1 Nc6 12. d3 b5 13. Qd2 Nd7 14. h4 Bf6
15. Nh2 Bd4 16. Kh1 Qa5 17. Ba1 Rad8 18. f4 Ba8 19. Nf3 Nf6 20. Re2 b4 21.
Na4 Bxa1 22. Rxa1 d5 23. cxd5 exd5 24. e5 Ne4 25. Qe1 Nc3 26. Rc2 Nxa4 27.
bxa4 c4 28. dxc4 d4 29. Rd1 Qxa4 30. Rcd2 d3 31. Ng5 h6 32. Ne4 Na5 33. Nd6
Bxg2+ 34. Rxg2 Qa3 35. Qe4 d2 36. Rdxd2 Rfe8 37. Kh2 b3 38. Qd5 Re7 39.
axb3 Nxb3 40. Ra2 Qc1 41. Rxa6 Rc7 42. Ra8 Rcd7 43. Rxd8+ Rxd8 44. Qxf7+
Kh7 45. Qf5+ Kg8 46. Qd3 Rb8 47. e6 Nc5 48. Qd5 1-0

[Event "25th ECC"]
[Site "Ohrid MKD"]
[Date "2009.10.07"]
[Round "4"]
[White "Grachev,B"]
[Black "Lutsko,I"]
[Result "1-0"]
[WhiteElo "2684"]
[BlackElo "2375"]
[EventDate "2009.10.04"]

1. d4 Nf6 2. c4 e6 3. Nc3 Bb4 4. e3 b6 5. Nge2 c5 6. a3 Ba5 7. Rb1 Na6 8.
Bd2 O-O 9. d5 Qe7 10. Ng3 d6 11. Be2 Bxc3 12. Bxc3 exd5 13. cxd5 Nc7 14.
Bxf6 Qxf6 15. O-O a5 16. e4 Bd7 17. f4 Nb5 18. Bxb5 Bxb5 19. Rf2 Bd7 20.
Qd2 c4 21. Re1 b5 22. e5 dxe5 23. fxe5 Qb6 24. Kh1 b4 25. Ne4 Rab8 26. axb4
axb4 27. h3 Qc7 28. Qd4 Rfe8 29. Nd6 Qxd6 30. exd6 Rxe1+ 31. Kh2 Rc8 32.
Qa7 Rd8 33. Qc7 1-0

[Event "25th ECC"]
[Site "Ohrid MKD"]
[Date "2009.10.07"]
[Round "4"]
[White "Georgiev,Ki"]
[Black "Stocek,J"]
[Result "1/2-1/2"]
[WhiteElo "2663"]
[BlackElo "2582"]
[EventDate "2009.10.04"]

1. d4 Nf6 2. c4 e6 3. Nf3 Bb4+ 4. Bd2 a5 5. Nc3 b6 6. Bg5 h6 7. Bh4 Bb7 8.
e3 d6 9. Bd3 Nbd7 10. O-O Bxc3 11. bxc3 g5 12. Bg3 h5 13. h4 gxh4 14. Bxh4
Rg8 15. e4 Qe7 16. c5 Rg4 17. cxb6 cxb6 18. Re1 Qf8 19. Bb5 Nxe4 20. Qa4
Nec5 21. Qd1 Ne4 22. Qa4 Nec5 23. Qd1 Ne4 1/2-1/2

[Event "25th ECC"]
[Site "Ohrid MKD"]
[Date "2009.10.07"]
[Round "4"]
[White "Hauchard,A"]
[Black "Boe,M"]
[Result "1-0"]
[WhiteElo "2527"]
[BlackElo "2335"]
[EventDate "2009.10.04"]

1. Nf3 e6 2. g3 f5 3. Bg2 Nf6 4. O-O Be7 5. d3 Nc6 6. c4 O-O 7. Nc3 d6 8.
Rb1 Qe8 9. b4 h6 10. b5 Nd8 11. e3 e5 12. Nd2 Be6 13. f4 c6 14. bxc6 bxc6
15. Qe2 Qd7 16. Ba3 Re8 17. Kh1 Nf7 18. Nb3 Rac8 19. fxe5 Nxe5 20. Nd4 Bf8
21. Nxe6 Qxe6 22. e4 fxe4 23. Nxe4 Nxe4 24. Qxe4 Qd7 25. Qd4 Kh8 26. Bc1
Be7 27. Qc3 Bf6 28. d4 Nf7 29. Qd3 Rc7 30. Be3 d5 31. Bf4 Rb7 32. Rbe1 Rd8
33. cxd5 cxd5 34. Be5 Bxe5 35. dxe5 Qe6 36. Qf5 Qxf5 37. Rxf5 Re7 38. e6
Ng5 39. Bxd5 g6 40. Rfe5 Kg7 41. h4 Nh7 42. R1e2 Nf6 43. Bf3 Rd6 44. Kg2 h5
45. Rc5 Ne8 46. Bd5 Nf6 47. Bb3 Ng4 48. Rc3 1-0

[Event "25th ECC"]
[Site "Ohrid MKD"]
[Date "2009.10.08"]
[Round "5"]
[White "Bergez,L"]
[Black "Amonatov,F"]
[Result "0-1"]
[WhiteElo "2369"]
[BlackElo "2643"]
[EventDate "2009.10.04"]

1. e4 c5 2. Nf3 d6 3. Bb5+ Nd7 4. d4 Ngf6 5. Nc3 a6 6. Bxd7+ Nxd7 7. d5 g6
8. a4 Bg7 9. O-O O-O 10. h3 Rb8 11. Qe2 Ne5 12. Nxe5 Bxe5 13. f4 Bg7 14.
Be3 e6 15. Rad1 Qb6 16. Rd3 Bd7 17. b3 Rbd8 18. e5 dxe5 19. Ne4 exd5 20.
Rxd5 Bb5 21. axb5 Rxd5 22. f5 Rfd8 23. b4 Qxb5 24. c4 Qxb4 25. Qf3 R5d7 26.
fxg6 fxg6 27. Nf6+ Bxf6 28. Qxf6 Qxc4 29. Bh6 Qd4+ 30. Kh2 Qd6 31. Qh4 b5
32. Rf6 Qe7 33. Bg5 Qe8 34. Rxa6 Ra8 35. Rb6 Rb8 36. Ra6 c4 37. Qg4 Rf7 38.
Qe4 c3 39. Qd5 b4 40. Re6 Qd7 41. Rd6 Qc7 42. Rc6 Qb7 43. Qxe5 Qxc6 44.
Qxb8+ Rf8 45. Qxb4 Qc7+ 46. Kg1 Qa7+ 47. Kh1 Rf1+ 48. Kh2 Qc7+ 49. g3 Rf2+
0-1

[Event "25th ECC"]
[Site "Ohrid MKD"]
[Date "2009.10.08"]
[Round "5"]
[White "Persson,Mat2"]
[Black "Joachim,S"]
[Result "1/2-1/2"]
[WhiteElo "2198"]
[BlackElo "2449"]
[EventDate "2009.10.04"]

1. e4 c5 2. Nf3 d6 3. Bb5+ Nd7 4. O-O Ngf6 5. Re1 a6 6. Bf1 b6 7. d4 cxd4
8. Nxd4 Bb7 9. f3 e6 10. c4 Be7 11. Nc3 O-O 12. Be3 Rc8 13. Qd2 Qc7 14.
Rac1 Qb8 15. Qf2 Rfe8 16. Na4 Bd8 17. b4 Bc7 18. g3 Ne5 19. Bg5 Ned7 20.
Be3 h6 21. Qd2 Ne5 22. Bf2 Kh7 23. Nb2 g5 24. Bg2 Ned7 25. Qd3 Kh8 26. Qd2
Rg8 27. Nd3 Rg6 28. Nb3 Qa8 1/2-1/2

[Event "25th ECC"]
[Site "Ohrid MKD"]
[Date "2009.10.08"]
[Round "5"]
[White "Vedder,H"]
[Black "Boros,De"]
[Result "1/2-1/2"]
[WhiteElo "2364"]
[BlackElo "2462"]
[EventDate "2009.10.04"]

1. e4 c5 2. Nf3 d6 3. Bb5+ Nd7 4. d4 cxd4 5. Qxd4 Ngf6 6. O-O g6 7. c4 Bg7
8. Nc3 O-O 9. Bxd7 Nxd7 10. Qd2 Nc5 11. Nd4 Qa5 12. Rd1 Be6 13. Rb1 Qb6 14.
b4 Nd7 15. c5 dxc5 16. bxc5 Qxc5 17. Nxe6 fxe6 18. Na4 Qd6 19. Qxd6 exd6
20. Rxd6 Rad8 21. Be3 b5 22. Rbd1 bxa4 23. Rxd7 Rxd7 24. Rxd7 Rb8 25. g4
Rb4 26. Rd8+ Kf7 27. Rd7+ Kg8 28. Rd8+ 1/2-1/2

[Event "25th ECC"]
[Site "Ohrid MKD"]
[Date "2009.10.08"]
[Round "5"]
[White "Wegerle,J"]
[Black "Giri,A"]
[Result "1/2-1/2"]
[WhiteElo "2451"]
[BlackElo "2552"]
[EventDate "2009.10.04"]

1. c4 e6 2. e4 d5 3. exd5 exd5 4. d4 Nf6 5. Nc3 Bb4 6. Bd3 O-O 7. Nge2 dxc4
8. Bxc4 Nc6 9. O-O h6 10. Bf4 Bd6 11. Qd2 a6 12. Rac1 Bf5 13. Rfd1 Na5 14.
Bd3 Bxd3 15. Qxd3 Nc6 16. Qf3 Bxf4 17. Qxf4 Ne7 18. d5 Nexd5 19. Nxd5 Nxd5
20. Qf3 c6 21. Nc3 Qa5 22. Nxd5 cxd5 23. Qxd5 Qxd5 24. Rxd5 Rfd8 25. Rdc5
Rd2 26. R5c4 Rad8 27. Kf1 g5 28. Ke1 R2d5 29. Rc8 Re5+ 30. Kf1 Rxc8 31.
Rxc8+ Kg7 32. Rc7 b5 33. f3 a5 34. Kf2 Kg6 35. a3 a4 36. b3 axb3 37. Rc3 h5
38. h3 h4 39. Rxb3 Rc5 40. Rb4 Kf5 41. a4 bxa4 42. Rxa4 f6 43. Re4 Rc1 44.
Ra4 Rc5 45. Re4 Rd5 46. Ra4 Rd2+ 47. Kg1 Re2 48. Kf1 Rb2 49. Re4 Rd2 50.
Kg1 Kg6 51. Ra4 Kf7 52. f4 Ke6 53. fxg5 fxg5 54. Ra5 Rd5 55. Rxd5 Kxd5 56.
g3 Kd4 57. gxh4 gxh4 58. Kf2 Ke4 59. Ke2 Kf4 60. Kf2 Ke4 61. Ke2 Kf4 62.
Kf2 1/2-1/2

[Event "25th ECC"]
[Site "Ohrid MKD"]
[Date "2009.10.08"]
[Round "5"]
[White "Webb,M"]
[Black "Rapaire,J"]
[Result "1-0"]
[WhiteElo "1973"]
[BlackElo "1941"]
[EventDate "2009.10.04"]

1. e4 d5 2. exd5 Qxd5 3. Nc3 Qa5 4. d4 c6 5. Bd3 Nf6 6. Nge2 Bg4 7. f3 Bh5
8. Bd2 Qc7 9. Nf4 Bg6 10. Qe2 Bxd3 11. Nxd3 e6 12. Ne4 Bd6 13. Nxd6+ Qxd6
14. c3 Nbd7 15. O-O O-O 16. Bf4 Qe7 17. g4 Nd5 18. Rae1 Nxf4 19. Nxf4 Rad8
20. Nh5 Nf6 21. Nxf6+ Qxf6 22. Qe5 Qxe5 23. Rxe5 Rd5 24. Rxd5 cxd5 25. f4
g6 26. Kg2 f6 27. Re1 Kf7 28. Re3 Rc8 29. Kf3 b5 30. Ke2 a5 31. Kd2 Rh8 32.
h4 h6 33. a4 f5 34. axb5 fxg4 35. b3 Ke7 36. c4 Kd6 37. c5+ Kd7 38. Rg3 h5
39. Rg1 Rb8 40. b6 Rf8 41. Ke3 Kc6 42. Re1 e5 43. fxe5 Rf3+ 44. Kd2 Kd7 45.
e6+ Ke7 46. Re3 Rf2+ 47. Ke1 1-0

[Event "25th ECC"]
[Site "Ohrid MKD"]
[Date "2009.10.09"]
[Round "6"]
[White "Areshchenko,A"]
[Black "Sutovsky,E"]
[Result "0-1"]
[WhiteElo "2667"]
[BlackElo "2676"]
[EventDate "2009.10.04"]

1. e4 e6 2. d4 d5 3. Nc3 Bb4 4. Nge2 dxe4 5. a3 Be7 6. Nxe4 Nf6 7. Nxf6+
Bxf6 8. Be3 Nc6 9. Qd2 e5 10. d5 Ne7 11. O-O-O Nf5 12. Kb1 Nd6 13. Ng3 Bh4
14. Qc3 Qe7 15. f4 exf4 16. Bxf4 Bf6 17. Qd2 O-O 18. Bd3 g6 19. Rde1 Qd8
20. Rhf1 Bd7 21. Bh6 Bg7 22. Bxg7 Kxg7 23. Qc3+ Kg8 24. Rf6 Ne8 25. Rf2 f5
26. Ne4 Nd6 27. Nc5 b6 28. Ne6 Bxe6 29. dxe6 Qe7 30. Qc6 Rad8 31. Rf4 Rde8
32. g4 fxg4 33. Rxg4 Rf6 34. Rgg1 Nf5 35. Rgf1 Ref8 36. Bxf5 gxf5 37. Rg1+
Rg6 38. Rd1 Re8 39. Rge1 Rxe6 40. Rxe6 Qxe6 41. Qxc7 Qf6 42. Qxa7 f4 43.
Qd7 Rf8 44. Qd5+ Kg7 45. Qf3 Kh8 46. Kc1 Rf7 47. Rg1 Rf8 48. Re1 h6 49. Rg1
Rg8 50. Rd1 Rg7 51. Kb1 Rf7 52. Rd5 Kg7 53. Rb5 Qg6 54. Rd5 Kh7 55. Rd1 Qf6
56. a4 Re7 57. Qd3+ Qg6 58. Qc3 Qe4 59. Qf6 Rc7 60. Rd3 b5 61. Qb6 Rf7 62.
axb5 f3 63. Qf2 Qe2 64. Rd2 Qxb5 65. Qd4 Qf1+ 66. Rd1 Qb5 67. Qf2 Qe5 68.
Re1 Qf6 69. Rf1 Rb7 70. c4 Rf7 71. c5 Kh8 72. Qc2 Qc6 73. Rf2 Rg7 74. Qd1
Qe4+ 75. Kc1 Qe3+ 76. Kb1 Qxf2 77. Qd8+ Kh7 78. Qd3+ Kh8 79. Qd8+ Kh7 80.
Qd3+ Kg8 81. Qd8+ Kf7 82. Qd7+ Kf6 83. Qd6+ Kf5 84. Qd5+ Kg4 0-1

[Event "25th ECC"]
[Site "Ohrid MKD"]
[Date "2009.10.09"]
[Round "6"]
[White "Fish,G"]
[Black "Cvek,R"]
[Result "1/2-1/2"]
[WhiteElo "2508"]
[BlackElo "2518"]
[EventDate "2009.10.04"]

1. d4 Nf6 2. c4 e6 3. Nc3 Bb4 4. e3 O-O 5. Nge2 d5 6. a3 Bd6 7. Ng3 c5 8.
Be2 dxc4 9. Bxc4 cxd4 10. exd4 Nbd7 11. O-O Nb6 12. Be2 Bd7 13. Bf3 Bc6 14.
Bxc6 bxc6 15. Bg5 Be7 16. Rc1 h6 17. Bxf6 Bxf6 18. Nce2 Qd7 19. Ne4 Be7 20.
Rc3 Nd5 21. Rc4 Nb6 22. Rc3 Nd5 23. Rc4 1/2-1/2

[Event "25th ECC"]
[Site "Ohrid MKD"]
[Date "2009.10.09"]
[Round "6"]
[White "Stubberud,O"]
[Black "Boros,De"]
[Result "0-1"]
[WhiteElo "2229"]
[BlackElo "2462"]
[EventDate "2009.10.04"]

1. e4 e5 2. Nf3 Nc6 3. Bc4 Nf6 4. d3 Be7 5. O-O d6 6. Re1 Na5 7. Bb5+ c6 8.
Ba4 b5 9. Bb3 O-O 10. Nbd2 c5 11. a4 Nxb3 12. Nxb3 b4 13. Bg5 h6 14. Bxf6
Bxf6 15. Nbd2 g6 16. Nc4 Bg7 17. Nfd2 f5 18. Ne3 Be6 19. Ndc4 Qd7 20. Qe2
Rad8 21. Kh1 f4 22. Nf1 g5 23. f3 h5 24. h3 g4 25. fxg4 hxg4 26. hxg4 Bxg4
27. Qf2 Rf6 28. Nh2 Rh6 29. Nd2 Bf6 30. Ndf1 Qh7 31. g3 Bg5 32. Kg2 Rxh2+
33. Nxh2 Qh3+ 34. Kg1 fxg3 35. Qg2 gxh2+ 36. Qxh2 Be3+ 0-1

[Event "25th ECC"]
[Site "Ohrid MKD"]
[Date "2009.10.10"]
[Round "7"]
[White "Rublevsky,S"]
[Black "Kovalev,An"]
[Result "1/2-1/2"]
[WhiteElo "2703"]
[BlackElo "2515"]
[EventDate "2009.10.04"]

1. e4 c5 2. Nf3 e6 3. c3 d5 4. exd5 exd5 5. d4 Nc6 6. Bb5 Bd6 7. dxc5 Bxc5
8. O-O Nge7 9. Nbd2 O-O 10. Nb3 Bd6 11. Bd3 h6 12. h3 Nf5 13. Bc2 Re8 14.
Qd3 g6 15. Rd1 Be6 16. Qd2 Bf8 17. Bxf5 Bxf5 18. Qxd5 Qf6 19. Nbd4 Be4 20.
Qb5 Nxd4 21. Nxd4 a6 22. Qf1 Rad8 23. Be3 Bd6 24. Rd2 Qe5 25. f4 Qf6 26.
Re1 Bd5 27. Rdd1 Re4 28. Bd2 Rde8 29. Rxe4 Rxe4 30. b3 Bc5 31. Kh2 Bxd4 32.
cxd4 Kh7 33. Re1 1/2-1/2

[Event "25th ECC"]
[Site "Ohrid MKD"]
[Date "2009.10.10"]
[Round "7"]
[White "Ochsner,B"]
[Black "Andonovski,L"]
[Result "0-1"]
[WhiteElo "2124"]
[BlackElo "2281"]
[EventDate "2009.10.04"]

1. e4 c5 2. Nf3 e6 3. d4 cxd4 4. Nxd4 Nc6 5. Nc3 Qc7 6. Be3 Nf6 7. f4 Bb4
8. Ndb5 Qa5 9. e5 Nd5 10. Bd2 Nxc3 11. Bxc3 Bxc3+ 12. Nxc3 O-O 13. Qd2 f6
14. exf6 Rxf6 15. O-O-O d5 16. Kb1 Qb6 17. g3 Bd7 18. Bh3 Be8 19. Rhe1 Ne7
20. Re5 Bf7 21. Rde1 Ng6 22. R5e2 Rd8 23. Nd1 Nf8 24. Nf2 Rh6 25. g4 Rc8
26. Re3 Rc4 27. Nd3 Qc7 28. g5 Rh4 29. Qf2 Rxh3 30. Rxh3 Bg6 31. b3 Rc3 32.
Re2 Bf5 33. Rg3 Ng6 34. Ne5 Rc5 35. Nxg6 hxg6 36. Kb2 a5 37. c3 a4 38. Qd4
axb3 39. axb3 Ra5 40. Re1 Qd6 41. b4 Ra4 42. Qd1 b5 43. Rf1 d4 44. Qb3 Be4
45. Rd1 d3 46. Re3 Qc6 47. Ra1 Qb6 48. Qxa4 bxa4 49. Rxe4 Qf2+ 50. Ka3 Qc2
0-1

[Event "25th ECC"]
[Site "Ohrid MKD"]
[Date "2009.10.10"]
[Round "7"]
[White "Csonka,A1"]
[Black "Stubberud,O"]
[Result "1/2-1/2"]
[WhiteElo "2330"]
[BlackElo "2229"]
[EventDate "2009.10.04"]

1. e4 c5 2. Nf3 e6 3. d4 cxd4 4. Nxd4 a6 5. Bd3 Nf6 6. O-O Qc7 7. Qe2 d6 8.
c4 Nbd7 9. Nc3 Be7 10. Bd2 O-O 11. Kh1 Ne5 12. f4 Nxd3 13. Qxd3 Nd7 14.
Rae1 b6 15. b3 Bb7 16. Qg3 Rae8 17. Qg4 Bf6 18. Nf3 Nc5 19. e5 dxe5 20.
Nxe5 Rd8 21. Bc1 Rd4 22. Qg3 g6 23. Ng4 Bg7 24. Nf2 Rfd8 25. Be3 R4d7 26.
Bxc5 Qxc5 27. Nce4 Qc6 28. Ng4 Rd3 29. Rf3 Rd1 30. Rfe3 R8d4 31. Ngf2 Rxe1+
32. Rxe1 h6 33. h4 f5 34. Qxg6 fxe4 35. Ng4 Kf8 36. Nf6 e3 37. Nh7+ Kg8 38.
Nf6+ Kf8 39. Nh7+ Kg8 40. Nf6+ 1/2-1/2

[Event "25th ECC"]
[Site "Ohrid MKD"]
[Date "2009.10.10"]
[Round "7"]
[White "Georgiev,Vl"]
[Black "Miezis,N"]
[Result "1-0"]
[WhiteElo "2537"]
[BlackElo "2558"]
[EventDate "2009.10.04"]

1. d4 Nf6 2. c4 e6 3. Nc3 Bb4 4. e3 c5 5. Bd3 cxd4 6. exd4 d5 7. cxd5 exd5
8. Bg5 h6 9. Bh4 O-O 10. Nge2 Nc6 11. O-O Be7 12. a3 Nh5 13. Bxe7 Nxe7 14.
Rc1 a6 15. Qb3 Qd6 16. Rfe1 Rd8 17. Na4 b5 18. Nc5 Rb8 19. Bb1 Qf6 20. h3
Qg5 21. Ng3 Nf4 22. Rc3 Rb6 23. Re5 Qh4 24. Rf3 Neg6 25. Qe3 Rf6 26. Bf5
Nxe5 1-0

[Event "25th ECC"]
[Site "Ohrid MKD"]
[Date "2009.10.10"]
[Round "7"]
[White "Weber,T"]
[Black "Stamenkov,V"]
[Result "0-1"]
[WhiteElo "2334"]
[BlackElo "2344"]
[EventDate "2009.10.04"]

1. e4 c5 2. Nc3 Nc6 3. f4 g6 4. Nf3 Bg7 5. Bb5 e6 6. Bxc6 bxc6 7. d3 d6 8.
O-O Ne7 9. Kh1 f6 10. e5 d5 11. Na4 Qa5 12. c4 Nf5 13. b3 fxe5 14. Nxe5 O-O
15. Qd2 Qb4 16. Qb2 Rb8 17. Rb1 Nd4 18. Rd1 g5 19. g3 Nf3 20. Qe2 Nxe5 21.
fxe5 Rf5 22. Bb2 d4 23. Rf1 Rb7 24. Rbe1 Rbf7 25. Bc1 Rxe5 26. Qh5 Ref5 27.
Kg2 e5 28. g4 Rf4 29. Bxf4 gxf4 30. Re2 Bd7 31. Qg5 h6 32. Qd8+ Kh7 33. h3
e4 34. dxe4 d3 35. Ref2 Be5 36. Rd1 Bd4 37. Rxd3 Qe1 38. Qh4 Qxe4+ 39. Rdf3
Rg7 40. Nb2 Rg5 41. Nd3 Be3 42. Ne1 Kg6 43. Kh2 h5 44. gxh5+ Kh6 45. Ng2
Bd4 46. Nxf4 Qe1 47. Ne2 Be5+ 48. Ng3 Bxg3+ 49. Qxg3 Rxg3 50. Kxg3 Kxh5 51.
Rf4 Qc1 52. Rg2 Qe3+ 53. Rf3 Qe5+ 54. Kf2 Bf5 55. h4 Qd4+ 56. Re3 Be4 57.
Rgg3 0-1